000 00391nam a2200169Ia 4500
008 240510s9999 xx 000 0 und d
041 _aEng
082 _a004.77
082 _bF86
245 0 _aFX Printer : operation manual
260 _bNagano , EPSON
260 _c1983
300 _a175 p.
650 _aComputers : printers : dot matrix printers
942 _2ddc
942 _cLBK
999 _c23615
_d23615
945 _a1
_bMadushi Gamage
_c1
_dMadushi Gamage